000
00318nam a2200121Ia 4500
008
220216s9999 xx 000 0 und d
245
0
_a
Prizes for developed prototype of tapping knife
260
_b
The Rubber International Magazine
_c
2013
300
_a
11
650
_a
Prize
650
_a
Tapping knife
942
_c
JS
999
_c
65708
_d
65708